01711nam a2200337 i 4500001001000000003000900010005001700019007000300036008004100039020001800080040003000098082002500128100005800153245005700211264004900268300002600317336002700343337003300370338002800403500007100431590002600502650002700528650003100555910003700586942001400623952014800637952015300785952015800938952026001096999001701356000043316DO-SdBNP20250211081100.0ta140307s2013 dr 000 f spa d a9789945583311 aDO-SdBNPbspacBNPHUerda aRD863.44bV443du2221 aVeloz Maggiolo, Marcio,d1936-202191104eautor4aut.14aLos dueños de la memoria /cMarcio Veloz Maggiolo. 1aSanto Domingo :bEditorial Santuario,c2013. a172 páginasc23 cm. atextobtxt2rdacontent asin mediaciónbn2rdamedia avolumenbnc2rdacarrier aIncluye datos biográficos del autor en la solapa de la cubierta. aInventariado, 2020/VM 0aNovela dominicana9223 0aLiteratura dominicana.967 aValidado. Control de calidad MFF 2ddccLBS1 00102ddc56708DSaBNPHUbBNPHUcHDd2014-03-07l0oBNPHU DS RD863.44 V443dup43316-30r2020-06-25te.3w2020-06-25yLBS1ZPréstamo en sala 00102ddc51708PDaBNPHUbBNPHUcHDd2014-02-07eDeposito Legall0oBNPHU PD RD863.44 V443dup43316-10r2020-06-25w2020-06-25yLBS1ZNo se presta 00102ddc51708PDaBNPHUbBNPHUcHDd2014-02-07eDeposito Legall0oBNPHU PD RD863.44 V443dup43316-20r2020-06-25te.2w2020-06-25yLBS1ZNo se presta 00102ddc56708DSaBNPHUbBNPHUcHDd2023-12-01eDonado por la Presidencia de la República Dominicana 2023l0oBNPHU DS RD863.44 V443dup2025-0931r2025-02-11te. 4w2025-02-11yLBS1zPerteneció a la biblioteca personal de René Rodríguez Soriano c42805d42805